[Event "EU-chT Seniors"]
[Site "Sibenik"]
[Date "2014.04.09"]
[Round "9.3"]
[White "Chernikov, Oleg L"]
[Black "Plachetka, Jan"]
[Result "1/2-1/2"]
[WhiteElo "2372"]
[BlackElo "2360"]
[PlyCount "24"]
[EventDate "2014.04.01"]
[EventType "team-swiss"]
[EventRounds "9"]
[EventCountry "CRO"]
[SourceTitle "CBM 159 Extra"]
[Source "ChessBase"]
[SourceDate "2014.04.24"]
[SourceVersion "1"]
[SourceVersionDate "2014.04.24"]
[SourceQuality "1"]
[WhiteTeam "Russia Seniors II"]
[BlackTeam "Slovakia Seniors"]
[WhiteTeamCountry "RUS"]
[BlackTeamCountry "SVK"]

1. d4 d5 2. c4 e6 3. Nc3 Nf6 4. Bg5 Be7 5. e3 Nbd7 6. Nf3 0-0 7. Rc1 c6 8. Bd3 dxc4 9. Bxc4 Nd5 10. Bxe7 Qxe7 11. 0-0 Nxc3 12. Rxc3 e5 1/2-1/2

[Event "UKR-POL U26"]
[Site "Lvov"]
[Date "2013.09.26"]
[Round "2"]
[White "Bartel, Marta"]
[Black "Chernikov, Oleg L"]
[Result "1-0"]
[WhiteElo "2302"]
[BlackElo "2400"]
[PlyCount "75"]
[EventDate "2013.09.26"]
[EventType "team-swiss"]
[EventRounds "5"]
[EventCountry "UKR"]
[SourceTitle "CBM 156 Extra"]
[Source "ChessBase"]
[SourceDate "2013.10.22"]
[SourceVersion "1"]
[SourceVersionDate "2013.10.22"]
[SourceQuality "1"]
[WhiteTeam "Warsaw Univ"]
[BlackTeam "Donetsk Univ"]
[WhiteTeamCountry "POL"]
[BlackTeamCountry "UKR"]

1. d4 Nf6 2. Nf3 g6 3. c4 Bg7 4. Nc3 0-0 5. e4 d6 6. Be2 e5 7. 0-0 Nc6 8. d5 Ne7 9. Ne1 Ne8 10. f3 f5 11. g4 f4 12. h4 h5 13. g5 Bh3 14. Rf2 Nc8 15. Nd3 c5 16. b4 b6 17. Rb1 Rf7 18. Rh2 Bd7 19. Bf1 Nc7 20. Ba3 Re7 21. Rd2 Bf8 22. Bb2 Qe8 23. a4 Na6 24. Ba3 cxb4 25. Nxb4 Nc5 26. Nb5 Bxb5 27. cxb5 Rc7 28. Nc6 Kh7 29. Bh3 Qf7 30. Bxc5 bxc5 31. a5 Rb7 32. Nd8 Qc7 33. Nxb7 Qxb7 34. Qa4 a6 35. b6 Ne7 36. Qd7 Rb8 37. Qxb7 Rxb7 38. Bf1 1-0

[Event "EU-chT Seniors 15th"]
[Site "Dresden"]
[Date "2013.07.23"]
[Round "4"]
[White "Turikov, Viktor"]
[Black "Chernikov, Oleg L"]
[Result "1/2-1/2"]
[WhiteElo "2269"]
[BlackElo "2406"]
[PlyCount "67"]
[EventDate "2013.07.20"]
[EventType "team-swiss"]
[EventRounds "9"]
[EventCountry "GER"]
[SourceTitle "CBM 155 Extra"]
[Source "ChessBase"]
[SourceDate "2013.08.26"]
[SourceVersion "1"]
[SourceVersionDate "2013.08.26"]
[SourceQuality "1"]
[WhiteTeam "St Petersburg"]
[BlackTeam "Russia"]
[WhiteTeamCountry "RUS"]
[BlackTeamCountry "RUS"]

1. d4 d5 2. Nc3 Nf6 3. Bg5 Nbd7 4. Nf3 c5 5. e3 e6 6. Be2 Be7 7. 0-0 0-0 8. h3 b6 9. Bf4 Bb7 10. a3 a6 11. Ne5 b5 12. Nxd7 Nxd7 13. Bf3 cxd4 14. exd4 Nb6 15. b3 Rc8 16. Ne2 a5 17. Qd2 Nd7 18. Rfc1 b4 19. axb4 axb4 20. Ra2 Qb6 21. Rca1 Ra8 22. Be3 Rxa2 23. Rxa2 Ra8 24. Rxa8+ Bxa8 25. Nf4 Bb7 26. Be2 Ba6 27. Nd3 Nb8 28. Ne5 Bxe2 29. Qxe2 Nc6 30. Nxc6 Qxc6 31. Qd3 f5 32. g4 g6 33. Kg2 Bd6 34. f4 1/2-1/2

[Event "EU-chT Seniors 15th"]
[Site "Dresden"]
[Date "2013.07.22"]
[Round "3"]
[White "Chernikov, Oleg L"]
[Black "Escher, Helmut"]
[Result "1-0"]
[WhiteElo "2406"]
[BlackElo "2120"]
[PlyCount "90"]
[EventDate "2013.07.20"]
[EventType "team-swiss"]
[EventRounds "9"]
[EventCountry "GER"]
[SourceTitle "CBM 155 Extra"]
[Source "ChessBase"]
[SourceDate "2013.08.26"]
[SourceVersion "1"]
[SourceVersionDate "2013.08.26"]
[SourceQuality "1"]
[WhiteTeam "Russia"]
[BlackTeam "Germany II"]
[WhiteTeamCountry "RUS"]
[BlackTeamCountry "GER"]

1. d4 Nf6 2. c4 g6 3. Nc3 d5 4. Nf3 Bg7 5. Bg5 c6 6. e3 0-0 7. Qb3 e6 8. Be2 Nbd7 9. 0-0 b6 10. cxd5 exd5 11. Ne5 Bb7 12. f4 Qc7 13. Bf3 Qd6 14. Bh4 Ne8 15. Qa4 b5 16. Qc2 f6 17. Nd3 f5 18. Ne5 Nef6 19. a4 a6 20. Rac1 Rac8 21. Qb3 Kh8 22. Na2 Ne4 23. Be1 Nxe5 24. fxe5 Qe6 25. Nc3 Qd7 26. Ne2 Bh6 27. Bb4 Rfe8 28. Nf4 Ng5 29. Ra1 Ne6 30. axb5 axb5 31. Nxe6 Qxe6 32. Ra7 Qd7 33. Qc3 Ra8 34. Rfa1 Kg8 35. Kf2 Bf8 36. Bxf8 Kxf8 37. Qc5+ Kg8 38. h4 Rxa7 39. Rxa7 Kf7 40. Ke2 Re7 41. Qb6 Qc7 42. Qxc7 Rxc7 43. g4 Re7 44. gxf5 gxf5 45. Kf2 Kg6 1-0

[Event "Aalborg Larsen Memorial"]
[Site "Aalborg"]
[Date "2012.10.15"]
[Round "1"]
[White "Hohler, Peter"]
[Black "Chernikov, Oleg L"]
[Result "1/2-1/2"]
[WhiteElo "2219"]
[BlackElo "2415"]
[PlyCount "134"]
[EventDate "2012.10.15"]
[EventType "swiss"]
[EventRounds "7"]
[EventCountry "DEN"]
[SourceTitle "EXT 2013"]
[Source "ChessBase"]
[SourceDate "2012.11.22"]
[SourceVersion "1"]
[SourceVersionDate "2012.11.22"]
[SourceQuality "1"]

1. d4 d5 2. c4 e6 3. Nc3 a6 4. cxd5 exd5 5. Bf4 c6 6. e3 Bd6 7. Bxd6 Qxd6 8. Bd3 Ne7 9. Qc2 g6 10. Nf3 Bf5 11. h3 Nd7 12. 0-0 0-0 13. Rfe1 a5 14. Rac1 Qf6 15. Bxf5 Nxf5 16. Na4 Nd6 17. Nd2 Rfe8 18. Nc5 Nxc5 19. Qxc5 a4 20. Qa3 Qd8 21. Rc2 Re6 22. Qb4 Qa5 23. Qxa5 Rxa5 24. Rec1 Re8 25. Rc5 Ra6 26. Kf1 Kf8 27. Ke2 Ke7 28. Kd1 Kd7 29. R1c2 f5 30. R5c3 Ne4 31. Nxe4 fxe4 32. Ke2 Raa8 33. Rc1 g5 34. Rf1 Rf8 35. f3 exf3+ 36. Rxf3 h5 37. Rc1 g4 38. hxg4 hxg4 39. Rg3 Rg8 40. Rf1 Rae8 41. Rf4 Re4 42. Kd3 Rxf4 43. exf4 Ke6 44. Re3+ Kf6 45. Re5 Rh8 46. Rg5 Rh2 47. Rxg4 Kf5 48. Rg7 Kxf4 49. Rf7+ Kg5 50. Rxb7 Kf6 51. Rc7 Rxg2 52. Rxc6+ Ke7 53. Kc3 a3 54. bxa3 Rxa2 55. Ra6 Kd7 56. Kb4 Rc2 57. Kb5 Rc3 58. Ra4 Kc7 59. Ra7+ Kc8 60. Rh7 Rxa3 61. Kc6 Ra6+ 62. Kxd5 Kd8 63. Ke5 Rb6 64. d5 Ra6 65. Rg7 Rb6 66. Ra7 Rh6 67. d6 Rh1 1/2-1/2

[Event "EU-ch Seniors 12th"]
[Site "Kaunas"]
[Date "2012.08.25"]
[Round "8"]
[White "Chernikov, Oleg L"]
[Black "Kupreichik, Viktor D"]
[Result "1/2-1/2"]
[WhiteElo "2411"]
[BlackElo "2434"]
[PlyCount "21"]
[EventDate "2012.08.18"]
[EventType "swiss"]
[EventRounds "9"]
[EventCountry "LTU"]
[SourceTitle "CBM 150 Extra"]
[Source "ChessBase"]
[SourceDate "2012.10.19"]
[SourceVersion "1"]
[SourceVersionDate "2012.10.19"]
[SourceQuality "1"]

1. d4 d5 2. c4 c6 3. Nf3 Nf6 4. cxd5 cxd5 5. Nc3 Nc6 6. Bf4 e6 7. e3 Bd6 8. Bxd6 Qxd6 9. Bd3 0-0 10. 0-0 Bd7 11. Rc1 1/2-1/2

[Event "EU-chT Seniors"]
[Site "Rogaska Slatina"]
[Date "2012.04.04"]
[Round "9.1"]
[White "Harestad, Thor Geir"]
[Black "Chernikov, Oleg L"]
[Result "1/2-1/2"]
[WhiteElo "2175"]
[BlackElo "2415"]
[PlyCount "48"]
[EventDate "2012.03.27"]
[EventType "team-swiss"]
[EventRounds "9"]
[EventCountry "SLO"]
[SourceTitle "CBM 147 Extra"]
[Source "ChessBase"]
[SourceDate "2012.04.24"]
[SourceVersion "1"]
[SourceVersionDate "2012.04.24"]
[SourceQuality "1"]
[WhiteTeam "Norway (Seniors)"]
[BlackTeam "Russia (Seniors)"]
[WhiteTeamCountry "NOR"]
[BlackTeamCountry "RUS"]

1. d4 d5 2. Nf3 c6 3. c4 e6 4. Qc2 Nf6 5. g3 dxc4 6. Qxc4 b5 7. Qc2 Bb7 8. Bg2 Nbd7 9. 0-0 c5 10. dxc5 Bxc5 11. Nc3 Rc8 12. Qd3 a6 13. Bg5 Qb6 14. Bxf6 Nxf6 15. e3 0-0 16. Rad1 Bb4 17. Ne2 Bd5 18. b3 Be4 19. Qd4 Bc5 20. Qd2 Nd5 21. Nfd4 Bxg2 22. Kxg2 Rfd8 23. Qb2 Qb7 24. Nf3 Qe7 1/2-1/2

[Event "Wch Seniors 21st"]
[Site "Rijeka"]
[Date "2011.11.15"]
[Round "1"]
[White "Bondar, Leonid"]
[Black "Chernikov, Oleg L"]
[Result "0-1"]
[WhiteElo "2051"]
[BlackElo "2402"]
[PlyCount "100"]
[EventDate "2011.11.15"]
[EventType "swiss"]
[EventRounds "11"]
[EventCountry "CRO"]
[SourceTitle "CBM 145 Extra"]
[Source "ChessBase"]
[SourceDate "2012.01.03"]
[SourceVersion "1"]
[SourceVersionDate "2012.01.03"]
[SourceQuality "1"]

1. e4 c5 2. Nf3 d6 3. d4 cxd4 4. Nxd4 Nf6 5. Nc3 Nc6 6. Bc4 Bd7 7. 0-0 g6 8. Re1 Bg7 9. Nf3 0-0 10. h3 a6 11. a4 Rc8 12. Qe2 Qc7 13. Bd3 Nb4 14. e5 Nxd3 15. cxd3 dxe5 16. Nxe5 Be6 17. Bf4 Qd8 18. Nc4 Rc5 19. Be3 Rh5 20. Nb6 Nd7 21. a5 Nxb6 22. Bxb6 Qd7 23. Ne4 Rc8 24. Rac1 Bh6 25. Be3 Rxc1 26. Rxc1 Bxe3 27. Qxe3 Rxa5 28. Nc5 Qd5 29. Nxe6 Qxe6 30. Qxe6 fxe6 31. Kf1 Rb5 32. Rc2 e5 33. Ke2 Kf7 34. Kd1 Ke6 35. Re2 Kd6 36. Kc2 Rb4 37. Kc3 a5 38. b3 Rf4 39. f3 Rf8 40. d4 exd4+ 41. Kxd4 e5+ 42. Ke3 b5 43. Ra2 Ra8 44. Kd3 a4 45. bxa4 bxa4 46. Kc4 a3 47. Kb3 Ke6 48. Kc4 Kf5 49. g3 e4 50. f4 h5 0-1

[Event "Botvinnik Memorial Senior"]
[Site "Suzdal"]
[Date "2011.08.15"]
[Round "2"]
[White "Chernikov, Oleg L"]
[Black "Nikitin, Aleksander S"]
[Result "0-1"]
[WhiteElo "2402"]
[BlackElo "2430"]
[PlyCount "88"]
[EventDate "2011.08.15"]
[EventType "tourn"]
[EventRounds "9"]
[EventCountry "RUS"]
[EventCategory "8"]
[SourceTitle "CBM 143 Extra"]
[Source "ChessBase"]
[SourceDate "2011.08.29"]
[SourceVersion "1"]
[SourceVersionDate "2011.08.29"]
[SourceQuality "1"]

1. d4 d5 2. c4 e6 3. Nc3 Nf6 4. Bg5 Be7 5. e3 0-0 6. cxd5 exd5 7. Bd3 Nbd7 8. Qc2 Re8 9. Nf3 Nf8 10. h3 c6 11. 0-0 Ne4 12. Bxe7 Qxe7 13. Bxe4 dxe4 14. Nd2 Bf5 15. f4 Qh4 16. Nc4 Rad8 17. Rfd1 Be6 18. b3 f5 19. Ne5 Nd7 20. Nxd7 Rxd7 21. Na4 Bd5 22. Nb2 b5 23. a4 a6 24. axb5 axb5 25. Ra6 Rd6 26. b4 Rg6 27. Kf1 Rg3 28. Re1 g5 29. Rxc6 gxf4 30. Rc8 Bc4+ 31. Rxc4 bxc4 32. Qxc4+ Kh8 33. exf4 Qxf4+ 34. Kg1 Rxg2+ 35. Kxg2 Qf3+ 36. Kg1 Rg8+ 37. Qxg8+ Kxg8 38. Rf1 Qg3+ 39. Kh1 Qxh3+ 40. Kg1 f4 41. Nc4 f3 42. Ne3 f2+ 43. Rxf2 Qxe3 44. b5 Qxd4 0-1

[Event "EU-ch Seniors 11th"]
[Site "Courmayeur"]
[Date "2011.04.10"]
[Round "5"]
[White "Chernikov, Oleg L"]
[Black "Kratschmer, Heinz"]
[Result "1-0"]
[WhiteElo "2438"]
[BlackElo "2161"]
[PlyCount "65"]
[EventDate "2011.04.06"]
[EventType "swiss"]
[EventRounds "9"]
[EventCountry "ITA"]
[SourceTitle "CBM 141 Extra"]
[Source "ChessBase"]
[SourceDate "2011.05.03"]
[SourceVersion "1"]
[SourceVersionDate "2011.05.03"]
[SourceQuality "1"]

1. Nf3 g6 2. g3 Bg7 3. Bg2 d5 4. c4 c6 5. Qc2 e5 6. d3 Ne7 7. e4 0-0 8. exd5 cxd5 9. 0-0 Nbc6 10. Bd2 dxc4 11. dxc4 Bf5 12. Qc1 Bd3 13. Rd1 e4 14. Bc3 Qb6 15. Bxg7 Kxg7 16. Ne1 Nd4 17. Qd2 Ne2+ 18. Kh1 Qxf2 19. Nxd3 exd3 20. Nc3 Rad8 21. Nd5 Nf5 22. Qxd3 Rfe8 23. Rf1 Nfxg3+ 24. hxg3 Nxg3+ 25. Kh2 Nxf1+ 26. Rxf1 Qxb2 27. Qf3 f5 28. Kh1 Re4 29. Qg3 Rxc4 30. Rxf5 Rc1+ 31. Kh2 Qxa2 32. Qe5+ Kh6 33. Rh5+ 1-0

[Event "Wch Seniors 20th"]
[Site "Arco"]
[Date "2010.11.06"]
[Round "11"]
[White "Danner, Georg"]
[Black "Chernikov, Oleg L"]
[Result "1/2-1/2"]
[WhiteElo "2422"]
[BlackElo "2425"]
[PlyCount "44"]
[EventDate "2010.10.26"]
[EventType "swiss"]
[EventRounds "11"]
[EventCountry "ITA"]
[SourceTitle "EXT 2011"]
[Source "ChessBase"]
[SourceDate "2010.11.26"]
[SourceVersion "1"]
[SourceVersionDate "2010.11.26"]
[SourceQuality "1"]

1. d4 Nf6 2. Nf3 c6 3. c4 b5 4. e3 bxc4 5. Bxc4 Ba6 6. Nbd2 e6 7. 0-0 c5 8. b3 cxd4 9. Nxd4 Bb7 10. Bb2 Be7 11. Be2 0-0 12. Nc4 d5 13. Ne5 Nfd7 14. Nxd7 Nxd7 15. Rc1 Rc8 16. Rxc8 Qxc8 17. Qa1 Qb8 18. Bb5 Qd6 19. Rc1 Nb8 20. Bf1 a6 21. Nc2 f6 22. Ba3 Qd7 1/2-1/2

[Event "Wch Seniors 20th"]
[Site "Arco"]
[Date "2010.11.04"]
[Round "9"]
[White "Lederman, Leon S"]
[Black "Chernikov, Oleg L"]
[Result "0-1"]
[WhiteElo "2255"]
[BlackElo "2425"]
[PlyCount "81"]
[EventDate "2010.10.26"]
[EventType "swiss"]
[EventRounds "11"]
[EventCountry "ITA"]
[SourceTitle "EXT 2011"]
[Source "ChessBase"]
[SourceDate "2010.11.26"]
[SourceVersion "1"]
[SourceVersionDate "2010.11.26"]
[SourceQuality "1"]

1. e4 c5 2. Nf3 Nc6 3. d4 cxd4 4. Nxd4 Nf6 5. Nc3 Rb8 6. Bg5 Qa5 7. Bxf6 gxf6 8. Nb3 Qe5 9. Qd2 e6 10. f4 Qd6 11. Qe3 a6 12. Rd1 Qe7 13. Be2 b5 14. 0-0 d6 15. Kh1 h5 16. Bf3 Bd7 17. Rfe1 h4 18. Qf2 Qd8 19. Nd4 Qb6 20. Re2 Nxd4 21. Rxd4 Bh6 22. e5 dxe5 23. fxe5 fxe5 24. Rxh4 Qxf2 25. Rxf2 Ke7 26. g4 Bf4 27. Rxh8 Rxh8 28. Bb7 a5 29. Ne2 Be3 30. Rf3 Bb6 31. g5 b4 32. c4 Rh4 33. b3 e4 34. Rf4 Rxf4 35. Nxf4 Be3 36. g6 f5 37. g7 Kf7 38. Nh5 Bd4 39. c5 Be5 40. c6 Be8 41. c7 0-1

[Event "Wch Seniors 20th"]
[Site "Arco"]
[Date "2010.10.30"]
[Round "5"]
[White "Acers, Jude Frazer"]
[Black "Chernikov, Oleg L"]
[Result "1/2-1/2"]
[WhiteElo "2231"]
[BlackElo "2425"]
[PlyCount "154"]
[EventDate "2010.10.26"]
[EventType "swiss"]
[EventRounds "11"]
[EventCountry "ITA"]
[SourceTitle "EXT 2011"]
[Source "ChessBase"]
[SourceDate "2010.11.26"]
[SourceVersion "1"]
[SourceVersionDate "2010.11.26"]
[SourceQuality "1"]

1. d4 d6 2. e4 g6 3. Nc3 Bg7 4. Be3 a6 5. f4 b5 6. a3 Bb7 7. Nf3 Nf6 8. Bd3 Nbd7 9. d5 c6 10. dxc6 Bxc6 11. Bd4 0-0 12. Qe2 Re8 13. 0-0-0 e5 14. fxe5 dxe5 15. Be3 Qc7 16. Rhf1 Qb7 17. Ng5 Rf8 18. h3 b4 19. axb4 Qxb4 20. Bc4 Rab8 21. Bb3 Nc5 22. Bxc5 Qxc5 23. Qf2 Qb4 24. Qh4 h6 25. Nxf7 Rxf7 26. Rxf6 Bxf6 27. Qxf6 Qxb3 28. Qxg6+ Rg7 29. Qxg7+ Kxg7 30. cxb3 Rb4 31. Re1 Rxb3 32. Re3 a5 33. Rg3+ Kf7 34. Rf3+ Ke6 35. Rg3 Kf7 36. Rg4 a4 37. Kc2 Rb4 38. Rh4 Kg6 39. Rg4+ Kf7 40. g3 Rd4 41. Rh4 Kg6 42. Rg4+ Kf7 43. Nd5 h5 44. Rg5 Rxe4 45. Nc3 Re3 46. Kd2 Rf3 47. Rxe5 Rxg3 48. Rxh5 Rg2+ 49. Kc1 Rh2 50. h4 Rh3 51. Rc5 Bd7 52. Rc7 Ke7 53. Nxa4 Rxh4 54. Nb6 Kd6 55. Rxd7+ Kc6 56. Rd5 Kxb6 57. Kc2 Rh3 58. Kb1 Kc6 59. Rg5 Kb6 60. Ka2 Rh1 61. Ka3 Rh3+ 62. b3 Rh4 63. b4 Rh1 64. Ka4 Ra1+ 65. Kb3 Rb1+ 66. Kc4 Rc1+ 67. Kb3 Rb1+ 68. Ka4 Ra1+ 69. Kb3 Rb1+ 70. Kc3 Rc1+ 71. Kb2 Rh1 72. Kb3 Rb1+ 73. Ka4 Ra1+ 74. Kb3 Rb1+ 75. Kc3 Rc1+ 76. Kb2 Rh1 77. Kb3 Rb1+ 1/2-1/2